| 000 | 00689nam a22002297a 4500 | ||
|---|---|---|---|
| 003 | BUBTL | ||
| 008 | 140128b xxu||||| |||| 00| 0 eng d | ||
| 020 | _a0132329018 | ||
| 082 | _a657.42/ H7845c/ 1997 | ||
| 100 |
_931 _a Horngren, Charles T. |
||
| 245 |
_aCost accounting : _ba managerial emphasis / _cCharles T. Horngren, George Foster, Srikant M Datar |
||
| 250 | _a9th ed. | ||
| 260 |
_aLondon, _bPrentice Hall, _cc1997. |
||
| 300 |
_a[xxviii], 1012p. : _bill. 28cm |
||
| 500 | _aIncludes Index | ||
| 650 | _aAccounting | ||
| 700 |
_932 _aFoster, George |
||
| 700 |
_933 _aDatar, Srikant M. |
||
| 856 |
_k0 _l0 _yDownload |
||
| 942 |
_2ddc _cBK |
||
| 999 |
_c19 _d19 |
||